Bolyai János Domáldon bolyongó éjszakái [vers] /

Elmentve itt :
Bibliográfiai részletek
Szerző: Pardi Anna
Dokumentumtípus: Cikk
Megjelent: 2000
Sorozat:Tiszatáj 54 No. 9
Kulcsszavak:Magyar irodalom - vers
Online Access:http://tiszataj.bibl.u-szeged.hu/17543
LEADER 00591nab a2200181 i 4500
001 tisza17543
005 20200330155157.0
008 170105s2000 hu o 0|| hun d
022 |a 0133-1167 
040 |a SZTE Tiszatáj Archívum  |b hun 
041 |a hun 
100 1 |a Pardi Anna 
245 1 0 |a Bolyai János Domáldon bolyongó éjszakái   |h [elektronikus dokumentum] :  |b [vers] /  |c  Pardi Anna 
260 |c 2000 
300 |a 28-29 
490 0 |a Tiszatáj  |v 54 No. 9 
695 |a Magyar irodalom - vers 
856 4 0 |u http://tiszataj.bibl.u-szeged.hu/17543/1/tiszataj_2000_009_028-029.pdf  |z Dokumentum-elérés